Afrykańskie państwa według jednej podpowiedzi - Statystyki

Ogólne statystyki
  • Ten quiz został rozwiązany 6 827 razy
  • Średni wynik to 13 z 20
Statystyki odpowiedzi
Podpowiedź Państwo % Poprawnych
Jest największym państwem w Afryce według powierzchnii. Algieria
92%
Jest ostatnim państwem w Afryce według alfabetu. Zimbabwe
89%
Jest najmłodszym państwem na świecie. Sudan Południowy
88%
Zanzibar jest częścią tego państwa. Tanzania
87%
To państwo ma roszczenia do Sahary Zachodniej. Maroko
86%
W wyniku uzyskania niepodległości przez to państwo w 1991 roku Etiopia stała się państwem śródlądowym. Erytrea
81%
Całkowicie otoczone przez inne państwo. Lesotho
81%
Lemury żyją w tym państwie na wolności. Madagaskar
76%
Spotykają się tutaj Nil Biały i Nil Błękitny. Sudan
75%
Przylądek Dobrej Nadziei znajduje się w tym państwie. Południowa Afryka
74%
To państwo składa się głównie z 2 wysp w Zatoce Gwinejskiej. Wyspy Świętego Tomasza i Książeca
65%
Przemysł filmowy tego państwa znany jest jako "Nollywood". Nigeria
62%
Dawniej to państwo nazywało się Zair. Demokratyczna Republika Konga
56%
Ma najwyższy wskaźnik urodzeń na świecie. Niger
56%
Dawniej to państwo było głównym terytorium Portugalii nad Oceanem Indyjskim. Mozambik
50%
Większość Kalahari znajduje się w tym państwie. Botswana
39%
Statua Wolności została pierwotnie zaproponowana temu państwu. Egipt
39%
Jest jedynym państwem w Afryce, w którym mówi się po hiszpańsku. Gwinea Równikowa
35%
Dzieli swoją nazwę z płytkim jeziorem, które było kiedyś czwartym co do wielkości w Afryce. Czad
26%
W tym państwie znajduje się Timbuktu. Mali
24%
Nie znaleziono quizów pasujących do podanych kryteriów
Rozkład punktacji
Procent ludzi z każdym wynikiem
Percentyl według liczby udzielonych odpowiedzi
Twoja historia wyników
Nie rozwiązałeś tego quizu